Formaciones económicas precapitalistas /
Estudio que da cuenta del desarrollo económico como totalidad, en las diversas etapas de la historia que va desde el comunismo primitivo hasta el capitalismo, a partir del análisis marxista. La presente obra forma parte de otra que Marx publicó bajo el título Elementos fundamentales para la crítica...
Saved in:
| Main Author: | |
|---|---|
| Other Authors: | , |
| Format: | Book |
| Language: | Español |
| Published: |
México :
Ediciones Pasado y Presente,
1982, c1971
|
| Edition: | 10a edición |
| Series: | (Cuadernos de Pasado y Presente ;
20) |
| Subjects: | |
| Tags: |
No Tags, Be the first to tag this record!
|
MARC
| LEADER | 00000nam^a2200000^a^4500 | ||
|---|---|---|---|
| 001 | 000032490 | ||
| 005 | 20250521000000.0 | ||
| 009 | 20260526114336.398 | ||
| 020 | |a 968-23-0051-6 | ||
| 020 | |a 968-23-0051-5 | ||
| 037 | |a Acervo ITESO - Biblioteca | ||
| 041 | |a ESP | ||
| 082 | |a 330. 159 |b MAR | ||
| 100 | |a Marx, Karl |e (autor) | ||
| 240 | 1 | 1 | |a [Formaciones económicas precapitalistas] |
| 245 | 1 | 0 | |a Formaciones económicas precapitalistas / |c K. Marx ; introd. de E.J. Hobsbawn ; tr. por M.N., M. Murmis. |
| 250 | |a 10a edición | ||
| 264 | 4 | |a México : |b Ediciones Pasado y Presente, |c 1982, c1971 | |
| 300 | |a 104 p. | ||
| 336 | |a texto |b txt |2 rdacontenido | ||
| 337 | |a sin mediación |b n |2 rdamedio | ||
| 338 | |a volumen |b nc |2 rdasoporte | ||
| 440 | 1 | |a (Cuadernos de Pasado y Presente ; |v 20) | |
| 520 | |a Estudio que da cuenta del desarrollo económico como totalidad, en las diversas etapas de la historia que va desde el comunismo primitivo hasta el capitalismo, a partir del análisis marxista. La presente obra forma parte de otra que Marx publicó bajo el título Elementos fundamentales para la crítica de la economía política. | ||
| 649 | |a XX | ||
| 650 | |a Capital | ||
| 650 | |a Derecho de Propiedad | ||
| 650 | |a Producción Económica | ||
| 650 | |a División del Trabajo | ||
| 650 | |a Capitalismo - |x Historia y Crítica - |x Tema Principal | ||
| 650 | |a Socialismo | ||
| 650 | |a Economía Política | ||
| 650 | |a Materialismo Histórico y Dialéctico | ||
| 650 | |a Marxismo - |x Historia y Crítica | ||
| 650 | |a Filosofía del Siglo XX - |x Historia y Crítica | ||
| 650 | |a Economía - |x Historia | ||
| 700 | |a Hobsbawm, Eric J. |e (introducción) | ||
| 700 | |a Murmis, Miguel |e (traducción) | ||
| 910 | |a Fondo General | ||
| 920 | |a Impresos - Libros | ||
| 930 | |a Colección General | ||
| 905 | |a 101 | ||
| 901 | |a 0500000285 |b IT1 |c ACC |i 032490 |u 20250521 | ||
| 901 | |a 0500001229 |b IT1 |c ACC |u 20250521 | ||
| 902 | |a https://opac.biblio.iteso.mx/vufind/Record/000032490 | ||